Os Presentes (Registo nº 199100)

Detalhes MARC
000 -Etiqueta do registo
Valores 00594nam 22002053 4500
100 ## - Dados gerais de processamento
Dados gerais 20251118d u||y0pory50 ba
101 ## - Língua de publicação
Língua Português
102 ## - País de publicação
País Portugal
200 ## - Titulo e menção de responsabilidade
Título próprio Os Presentes
Primeira menção de responsabilidade Maria Keil
210 ## - Publicação
Local de publicação [S. L.]
Nome do editor Livros Horizonte
Data de publicação 1979
215 ## - Descrição física 
Paginação / Volumes [32] p. : il.
Outras indicações físicas Brochado
Dimensões 23 cm
225 ## - Colecção 
Título próprio da colecção Histórias de "amor de mais"
Indicação de volume 1
606 ## - Nome comum usado como assunto
ID Autoridade 22
Palavra de ordem Literatura Infantil Portuguesa
675 ## - CDU
Notação 821.134.3-93/KEI/PRE
Edição PT
Língua por
700 ## - Autor principal (pessoa individual)
ID Autoridade 1924
Apelido Keil
Nome Maria
Datas 1914-2012
801 ## - Fonte de origem
País PT
Agência BMMN
Regras de catalogação RPC
830 ## - Notas gerais do catalogador
Criado por Carlos Pinto
Data de criação 18-11-2025
Indexado por Carlos Pinto
990 ## - Elementos KOHA
Tipo de documento Livro
Exemplares
Situação do levantamento Biblioteca de origem Código de barras Cota Permissão de empréstimo Tipo de documento Forma de aquisição
  Biblioteca Escolar Escoural 27841 821.134.3-93/KEI/PRE   Livro Compra
  Biblioteca Escolar Escoural 27842 821.134.3-93/KEI/PRE   Livro Compra
  Biblioteca Escolar Escoural 27843 821.134.3-93/KEI/PRE   Livro Compra

Powered by Koha